000 01640nam2a22002771 4500
001 v19\rc\1518698
005 20250618171214.0
035 _a(NLR Aleph) 004641795
090 _a3304518
_c3304518
100 _a20060620d1886 |||y0rusy50 ca
101 0 _arus
102 _aRU
105 _aa z |||||
200 1 _aВоенные сообщения
_aЛагерные постройки
_aСведения об устройстве, атаке и обороне долговременных укреплений
210 _d1886
_aБ. м.
215 _aVIII, [2], 192 с., 4 л. черт.
_cчерт.
461 0 _1001v19\rc\1518696
_12001#$aПолевое военно-инженерное искусство$e(руководство фортификации для юнкерских уч-щ)$fсост. воен. инж.-полк. А. Плюцинский$vКн. 2
_1700#1$3RU\NLR\AUTH\7785747$7ca$aПлюцинский$bА. Ф.$f1844-1900$gАлександр Федорович$4220
_95632363
_aПлюцинский, А. Ф. (1844-1900)
_cС.-Петербург
_d1885-1886
_eНовое (3-е) изд.
_fсост. воен. инж.-полк. А. Плюцинский
_nТипография М.М. Стасюлевича
_o(руководство фортификации для юнкерских уч-щ)
_tПолевое военно-инженерное искусство
_vКн. 2
801 0 _aRU
_bNLR
_gpsbo
801 0 _aRU
_bRuMoRGB
_2psbo
801 1 _aRU
_bProSoft-M
_2rusmarc
852 _aNLR
_j18.206.7.7
899 _aRuMoRGB
_jT 23/513
899 _aRuMoRGB
_jΔ 346/33
899 _aRuMoRGB
_jΔ 57/108
942 _cBOOK
980 _aNB